Handbook of banking and finance in the MENA region / (Record no. 51695)

MARC details
000 -LEADER
fixed length control field 00707nam a2200241Ia 4500
005 - DATE AND TIME OF LATEST TRANSACTION
control field 20260429111955.0
008 - FIXED-LENGTH DATA ELEMENTS--GENERAL INFORMATION
fixed length control field 260429s9999||||xx |||||||||||||| ||und||
020 ## - INTERNATIONAL STANDARD BOOK NUMBER
International Standard Book Number 9781800614727
041 ## - LANGUAGE CODE
Language English
082 ## - DEWEY DECIMAL CLASSIFICATION NUMBER
Classification number 332.10956
Item number HUS
100 ## - MAIN ENTRY--PERSONAL NAME
Personal name Hussainey, Khaled
245 #0 - TITLE STATEMENT
Title Handbook of banking and finance in the MENA region /
Statement of responsibility, etc Khaled Hussainey
260 ## - PUBLICATION, DISTRIBUTION, ETC. (IMPRINT)
Place of publication, distribution, etc Singapore :
Name of publisher, distributor, etc World Scientific Publishing,
Date of publication, distribution, etc 2024.
300 ## - PHYSICAL DESCRIPTION
Extent xliv, 407 p.; hb
440 ## - SERIES STATEMENT/ADDED ENTRY--TITLE
Title Transformations in banking, finance and regulation; v.13
650 ## - SUBJECT ADDED ENTRY--TOPICAL TERM
Topical term or geographic name as entry element Asia
650 ## - SUBJECT ADDED ENTRY--TOPICAL TERM
Topical term or geographic name as entry element Banking
650 ## - SUBJECT ADDED ENTRY--TOPICAL TERM
Topical term or geographic name as entry element Financial economics
650 ## - SUBJECT ADDED ENTRY--TOPICAL TERM
Topical term or geographic name as entry element Middle east
650 ## - SUBJECT ADDED ENTRY--TOPICAL TERM
Topical term or geographic name as entry element Economics
700 ## - ADDED ENTRY--PERSONAL NAME
Personal name Dalwai, Tamanna
942 ## - ADDED ENTRY ELEMENTS (KOHA)
Koha item type Text Books
Holdings
Withdrawn status Lost status Damaged status Not for loan Collection code Home library Location Shelving location Date of Cataloging Source of acquisition Total Checkouts Full call number Barcode Date last seen Price effective from Koha item type
        Non-fiction CUTN Central Library CUTN Central Library Social Sciences 29/04/2026 Feel Books, Chennai - Invoice No. BRL/CRB/25-26/568 on 13-02-2026   332.10956 HUS 56723 29/04/2026 29/04/2026 Text Books